| 000 | 00973nas a2200217 a 4500 | ||
|---|---|---|---|
| 005 | 20170220100717.0 | ||
| 008 | 090406c19979999ck qr p r 0 0a0spa d | ||
| 040 |
_aCO-BoBLA _cCO-BoBLA _dCO-BoIAVH |
||
| 041 | 0 | _aspa | |
| 044 | _ack | ||
| 090 | _aSE | ||
| 245 | 0 | 0 |
_aBiodiversidad sustento y culturas / _cAcción Ecológica, Acción por la Biodiversidad, Campaña de la Semilla de Vía Campesina, Grupo ETC, Grupo Semillas y Red de Coordinación en Biodiversidad. |
| 260 |
_aBogotá (Colombia) : _bAcción Ecológica : _bGrupo Semillas, _c1997- |
||
| 300 |
_bilustraciones a color ; _c28 x 22 cm. |
||
| 650 | 2 | 6 |
_aBiodiversidad _zColombia _vPublicaciones periódicas |
| 650 | 2 | 6 |
_aEcosistemas _zColombia _vPublicaciones periódicas |
| 650 | 2 | 6 |
_aConservación de los recursos _zColombia _vPublicaciones periódicas |
| 651 | 6 |
_aColombia _vPublicaciones periódicas |
|
| 700 | 1 |
_aVera Herrera, Ramón _eeditor _979797 |
|
| 942 |
_2z _cREVISTA _s1 |
||
| 999 |
_c17260 _d17260 |
||